000 00522nam a2200169Ia 4500
003 OSt
005 20200923122232.0
008 190216s9999||||xx |||||||||||||| ||und||
040 _coclc
082 _a581.4
_bFOS/C
100 _aFoster, Adriance S
_94863
245 0 _aComparative Morphology Of Vascular Plants /
_cAdriance S Foster ; Ernest M Gifford
260 _bW H Freeman And Company,
_c1959.
_aBombay:
300 _a555p
650 _aBotany
942 _cBK
_2ddc
_h581.4
_iFOS/C
_k581.4
_mFOS/C
999 _c1033
_d1033